Estándares orientadores para carreras de pedagogía en inglés: estándares disciplinarios, estándares pedagógicos.
Gespeichert in:
| Körperschaft: | |
|---|---|
| Format: | Buch |
| Veröffentlicht: |
Santiago, Chile:
Ministerio de Educación,
2014.
|
| Ausgabe: | 1a. ed |
| Schlagworte: | |
| Online-Zugang: | Disponible Online - Educar Chile |
| Tags: |
Tag hinzufügen
Keine Tags, Fügen Sie den ersten Tag hinzu!
|
MARC
| LEADER | 00000cam a2200000 a 4500 | ||
|---|---|---|---|
| 001 | UCE5509 | ||
| 003 | CL-VaPUC | ||
| 005 | 20230627130413.0 | ||
| 008 | 230627t2014 ||||| |||| 00| 0 eng d | ||
| 999 | |c 358224 |d 358222 | ||
| 020 | |a 978-956-292-471-9 | ||
| 040 | |c Pontificia Universidad Católica de Valparaíso | ||
| 082 | 0 | 4 | |a 373 MIN 2014 |2 21 |
| 110 | 2 | |a Ministerio de Educación |e autor |9 578192 | |
| 245 | 1 | 0 | |a Estándares orientadores para carreras de pedagogía en inglés: estándares disciplinarios, estándares pedagógicos. |
| 250 | |a 1a. ed | ||
| 260 | |a Santiago, Chile: |b Ministerio de Educación, |c 2014. | ||
| 300 | |a 75 páginas. | ||
| 500 | |a c.8-10. Donación Rectoría 2022. | ||
| 583 | |a last modification |c 20150115 11:28:00 |k Rodrigo Vera | ||
| 650 | 0 | |a Calidad de la educación |9 307271 | |
| 650 | 0 | |a Evaluación de la educación |9 237505 | |
| 650 | 0 | |a Modelos educacionales |9 339132 | |
| 650 | 0 | |a Reforma educacional |9 256319 | |
| 650 | 0 | |a Reforma educacional |9 256319 | |
| 650 | 0 | |a Enseñanza del inglés |9 367340 | |
| 856 | |u https://centroderecursos.educarchile.cl/bitstream/handle/20.500.12246/1321/201407311536090.Ingles.pdf?sequence=1&isAllowed=y |y Disponible Online - Educar Chile | ||
| 942 | |c BK |2 ddc | ||
| 945 | |d 20150115 11:28:00 |a arojas | ||
| 952 | |0 0 |1 0 |3 erb |4 0 |6 373_000000000000000_MIN_2014 |7 0 |8 A |9 466814 |a BIBEDU |b BIBEDU |i 5135540 |o 373 MIN 2014 |p 5135540 |r 2019-11-23 |w 2019-11-23 |y BK |z Catalogado en:20150115 |k EDU | ||
| 952 | |0 0 |1 0 |3 erb |4 0 |6 373_000000000000000_MIN_2014 |7 0 |8 A |9 466815 |a BIBEDU |b BIBEDU |i 5135591 |o 373 MIN 2014 |p 5135591 |r 2019-11-23 |w 2019-11-23 |y BK |z Catalogado en:20150115 |k EDU | ||
| 952 | |0 0 |1 0 |3 erb |4 0 |6 373_000000000000000_MIN_2014 |7 0 |8 A |9 466816 |a BIBEDU |b BIBEDU |i 5139120 |o 373 MIN 2014 |p 5139120 |r 2019-11-23 |w 2019-11-23 |y BK |z Catalogado en:20150312 |k LIT | ||
| 952 | |0 0 |1 0 |3 erb |4 0 |6 373_000000000000000_MIN_2014 |7 0 |8 A |9 466817 |a BIBEDU |b BIBEDU |i 5139139 |o 373 MIN 2014 |p 5139139 |r 2019-11-23 |w 2019-11-23 |y BK |z Catalogado en:20150312 |k LIT | ||
| 952 | |0 0 |1 0 |3 erb |4 0 |6 373_000000000000000_MIN_2014 |7 0 |8 A |9 466818 |a BIBEDU |b BIBEDU |i 5139147 |o 373 MIN 2014 |p 5139147 |r 2019-11-23 |w 2019-11-23 |y BK |z Catalogado en:20150312 |k LIT | ||
| 952 | |0 0 |1 0 |3 erb |4 0 |6 373_000000000000000_MIN_2014 |7 0 |8 A |9 466819 |a BIBEDU |b BIBEDU |i 5139872 |o 373 MIN 2014 |p 5139872 |r 2019-11-23 |w 2019-11-23 |y BK |z Catalogado en:20150312 |k LIT | ||
| 952 | |0 0 |1 0 |3 erb |4 0 |6 373_000000000000000_MIN_2014 |7 0 |8 A |9 466820 |a BIBEDU |b BIBEDU |i 5139880 |o 373 MIN 2014 |p 5139880 |r 2019-11-23 |w 2019-11-23 |y BK |z Catalogado en:20150312 |k LIT | ||
| 952 | |0 0 |1 0 |2 ddc |4 0 |6 373_000000000000000_MIN_2014 |7 0 |8 ED_SUP |9 590598 |a BIBGIM |b BIBGIM |c S_PSTGRDO |d 2023-06-27 |e Donación |i 5656724 |o 373 MIN 2014 |p 5656724 |r 2025-01-15 |t 8 |w 2023-06-27 |y BK |k ESU | ||
| 952 | |0 0 |1 0 |2 ddc |4 0 |6 373_000000000000000_MIN_2014 |7 0 |8 ED_SUP |9 590599 |a BIBGIM |b BIBGIM |c S_PSTGRDO |d 2023-06-27 |e Donación |i 5656725 |o 373 MIN 2014 |p 5656725 |r 2025-01-15 |t 9 |w 2023-06-27 |y BK |k ESU | ||
| 952 | |0 0 |1 0 |2 ddc |4 0 |6 373_000000000000000_MIN_2014 |7 0 |8 ED_SUP |9 590600 |a BIBGIM |b BIBGIM |c S_PSTGRDO |d 2023-06-27 |e Donación |i 5656726 |o 373 MIN 2014 |p 5656726 |r 2025-01-15 |t 10 |w 2023-06-27 |y BK |k ESU | ||